|
|
|
|
| LEADER |
00676nam a2200229Ia 4500 |
| 008 |
240830s9999 xx 000 0 und d |
| 020 |
|
|
|a 968-24-2159-4
|
| 040 |
|
|
|a B-ESTELÍ- RUACS / 631.5 H967
|
| 041 |
|
|
|a spa
|
| 082 |
|
|
|a 631.5 H967
|
| 100 |
1 |
|
|a Hurtado M., Daniel V.
|
| 100 |
1 |
|
|b Merino M., María Eugenia
|
| 245 |
1 |
0 |
|a Cultivo de tejidos vegetales
|
| 260 |
|
|
|a México
|b Trillas
|c 1987
|
| 300 |
|
|
|a 232 p.
|
| 650 |
7 |
|
|a TEJIDOS VEGETALES - CULTIVO
|
| 650 |
7 |
|
|b LABORATORIO DE CULTIVO
|
| 650 |
7 |
|
|c TÉCNICAS DE ESTERILIZACIÓN Y MANIPULACIÓN ASÉPTICAS
|
| 650 |
7 |
|
|d BIOESTADÍSTICA APLICADA AL CULTIVO
|
| 942 |
|
|
|c BK
|2 ddc
|
| 991 |
|
|
|a TEXTO
|
| 999 |
|
|
|c 11326
|